<?xml version="1.0" encoding="UTF-8"?>
<record
    xmlns:xsi="http://www.w3.org/2001/XMLSchema-instance"
    xsi:schemaLocation="http://www.loc.gov/MARC21/slim http://www.loc.gov/standards/marcxml/schema/MARC21slim.xsd"
    xmlns="http://www.loc.gov/MARC21/slim">

  <leader>00201nam a2200085   4500</leader>
  <controlfield tag="001">1256376</controlfield>
  <controlfield tag="005">20251227124042.0</controlfield>
  <datafield tag="245" ind1=" " ind2=" ">
    <subfield code="a">DO&#x11E;U EKSPRES&#x130;NDE C&#x130;NAYET</subfield>
    <subfield code="c">AGATHA CHRISTIE</subfield>
  </datafield>
  <datafield tag="260" ind1=" " ind2=" ">
    <subfield code="b">ALTIN K&#x130;TAPLAR</subfield>
  </datafield>
  <datafield tag="999" ind1=" " ind2=" ">
    <subfield code="c">1256376</subfield>
    <subfield code="d">1256376</subfield>
  </datafield>
  <datafield tag="952" ind1=" " ind2=" ">
    <subfield code="0">0</subfield>
    <subfield code="1">0</subfield>
    <subfield code="2">ddc</subfield>
    <subfield code="4">0</subfield>
    <subfield code="7">0</subfield>
    <subfield code="a">1058</subfield>
    <subfield code="b">1058</subfield>
    <subfield code="d">2025-12-27</subfield>
    <subfield code="l">0</subfield>
    <subfield code="o">&#x130;2 (AGATHA CHRISTIE)</subfield>
    <subfield code="p">1058106319</subfield>
    <subfield code="r">2025-12-27 12:41:00</subfield>
    <subfield code="w">2025-12-27</subfield>
    <subfield code="y">BK</subfield>
  </datafield>
</record>
